Detalles MARC
| 000 -CABECERA |
| campo de control de longitud fija |
00939nam a2200253 a 4500 |
| 001 - NÚMERO DE CONTROL |
| campo de control |
000007922 |
| 005 - FECHA Y HORA DE LA ÚLTIMA TRANSACCIÓN |
| campo de control |
20200929154342.0 |
| 008 - DATOS DE LONGITUD FIJA--INFORMACIÓN GENERAL |
| campo de control de longitud fija |
970911s1995 cu 000 1 spa d |
| 020 ## - NÚMERO INTERNACIONAL ESTÁNDAR DEL LIBRO |
| Número Internacional Estándar del Libro |
9592090947 |
| 035 ## - NÚMERO DE CONTROL DEL SISTEMA |
| Número de control de sistema |
(OCoLC)36830243 |
| 040 ## - FUENTE DE LA CATALOGACIÓN |
| Centro catalogador/agencia de origen |
DO-SdBNP |
| Centro/agencia transcriptor |
FUG |
| Centro/agencia modificador |
DLC |
| 042 ## - CÓDIGO DE AUTENTICACIÓN |
| Código de autenticación |
lccopycat |
| 082 ## - NÚMERO DE LA CLASIFICACIÓN DECIMAL DEWEY |
| Número de clasificación |
Cu863.44 |
| Número de documento/Ítem |
V648c |
| 049 ## - FONDOS LOCALES (OCLC) |
| Fondos de biblioteca |
BNGR |
| 100 1# - ENTRADA PRINCIPAL--NOMBRE DE PERSONA |
| Nombre de persona |
Vidal, Guillermo, |
| Fechas asociadas al nombre |
1952- |
| Forma completa/desarrollada del nombre |
(Guillermo de Jesús Vidal Ortiz) |
| 9 (RLIN) |
21708 |
| 245 10 - MENCIÓN DE TÍTULO |
| Título |
Confabulación de la araña / |
| Mención de responsabilidad, etc. |
Guillermo Vidal. |
| 260 ## - PUBLICACIÓN, DISTRIBUCIÓN, ETC. |
| Lugar de publicación, distribución, etc. |
La Habana : |
| Nombre del editor, distribuidor, etc. |
UNION, |
| Fecha de publicación, distribución, etc. |
1995. |
| 300 ## - DESCRIPCIÓN FÍSICA |
| Extensión |
65 p. ; |
| Dimensiones |
19 cm. |
| 505 0# - NOTA DE CONTENIDO CON FORMATO |
| Nota de contenido con formato |
El señor Márquez -- Las polluelas -- Iceberg -- Hombre acostado en una cama -- El carabinero -- Adalberto Jicotea -- Los jefes se entienden bárbaro -- Confabulación de la araña. |
| 586 ## - NOTA DE PREMIOS |
| Nota de premios |
Premio UNEAC cuento, 1990 Luis Felipe Rodríguez . |
| 650 #4 - PUNTO DE ACCESO ADICIONAL DE MATERIA--TÉRMINO DE MATERIA |
| Término de materia o nombre geográfico como elemento de entrada |
Novela cubana |
| 9 (RLIN) |
2316 |
| 650 #4 - PUNTO DE ACCESO ADICIONAL DE MATERIA--TÉRMINO DE MATERIA |
| Término de materia o nombre geográfico como elemento de entrada |
Literatura cubana |
| 9 (RLIN) |
1483 |
| 910 ## - DATOS DE OPCIÓN DEL USUARIO (OCLC) |
| Datos de opción del usuario |
Catalogación por copia / LC |